Biggest Cities With Accents - Statistics

General Stats
  • This quiz has been taken 10 times
  • The average score is 5 of 15
Answer Stats
Pop. Urban Area % Correct
22.6M São Paulo
90%
10.6M Bogotá
70%
2.2M Belém
50%
2.4M Asunción
40%
3.9M Brasília
40%
1.8M Córdoba
40%
4.4M Medellín
40%
2.5M San José
40%
2.5M Goiânia
30%
5M Ürümqi
30%
2.3M León
20%
4M Yaoundé
20%
2.6M Lomé
10%
1.8M Āsansol
0%
1.9M Vitória
0%
No matching quizzes found
Score Distribution
Percent of People with Each Score
Percentile by Number Answered
Your Score History
You have not taken this quiz